| 000 | 01259cam a2200349 a 4500 | ||
|---|---|---|---|
| 003 | CHAP | ||
| 005 | 20220817043620.0 | ||
| 008 | 000211d1996 mx r 00010 spa d | ||
| 010 | _a79839 | ||
| 011 | _a80811 | ||
| 020 | _a9682320216 | ||
| 035 | _a91265 | ||
| 040 | _cCHAP | ||
| 082 | 0 | 4 |
_a338.542 _bO7 |
| 100 | 0 | 0 |
_aOrtiz Wadgymar, Arturo. _984087 |
| 245 | 1 | 0 |
_aMéxico : pasado, presente y futuro : _bdel proteccionismo a la integración/apertura y crisis de la economía _c/por Arturo Ortiz Wadgymar {y otros} |
| 260 |
_aMéxico, D. F. : _bsiglo XXI, _c1996. |
||
| 300 | _a2 v. | ||
| 590 |
_aBATCH-UPD _b10 _c20130110 _lUCH01 _h0704 |
||
| 590 |
_aBATCH-UPD _b10 _c20130410 _lUCH01 _h0350 |
||
| 590 |
_aBATCH-UPD _b10 _c20130914 _lUCH01 _h1058 |
||
| 590 |
_aCONVERSION _b10 _c20130109 _lUCH01 _h1344 |
||
| 650 | 1 | 4 |
_aCrisis económica. _928975 |
| 650 | 1 | 4 |
_aMéxico _xCondiciones económicas. |
| 650 | 1 | 4 |
_aMéxico _xIntegración económica. _976777 |
| 700 | 0 |
_aManrique Campos, Irma. _970533 |
|
| 901 | _aBK | ||
| 905 | _aLilia Sánchez G. | ||
| 942 | _cLIBRO | ||
| 949 |
_a338.542 O7 _bBC _cLIBRO _d33724000756458 _eLIBRO _fv.2 _gI.c/e _h97261 _i91265 _si _t$90.00 |
||
| 949 |
_a338.542 O7 _bBC _cLIBRO _d33724000756680 _eLIBRO _fv.1 _gI.c/e _h97260 _i91265 _si _t$90.00 |
||
| 999 |
_c79839 _d79839 |
||